| 000 | 01192nam a22003017a 4500 | ||
|---|---|---|---|
| 003 | PE SENCICO BE | ||
| 005 | 20251020182709.0 | ||
| 008 | 250106b |||||||| |||| 00| 0 eng d | ||
| 020 | _a978-612-45894-0-9 | ||
| 040 |
_aPE SENCICO BE _cPE SENCICO BE |
||
| 041 | _aspa | ||
| 084 |
_a720.985 _bG16 |
||
| 100 | 1 |
_92772 _aGaitán Pajares, Evelio _eautor |
|
| 245 | 1 |
_aEl apogeo de Cajamarca : _bla Escuela Barroca Cajamarca y sus grandes artistas / _cEvelio Gaitan Pajares |
|
| 250 | _a1a ed. | ||
| 260 |
_aCajamarca : _bLumina Copper ; _c2010 |
||
| 300 |
_a322 p. : _bil. ; _c23 cm. |
||
| 505 | 0 | _aEl Barroco en Cajamarca: 1668-1798 : Barroco inicial: 1968-1682 -- Barroco clásico cajamarquino: 1682-1798 -- Florecimiento artístico de Cajamarca -- La influencia del Barroco Clásico Cajamarquino -- El Neoclásico o Post Barroco 1798-1915 | |
| 650 | 1 | 0 |
_9945 _aArquitectura antigua |
| 650 | 2 | 0 |
_9363 _aHistoria de la arquitectura |
| 650 | 2 | 0 |
_9944 _aArte barroco |
| 650 | 2 | 0 |
_92773 _aEscultura barroca |
| 650 | 2 | 0 |
_9282 _aArquitectos |
| 650 | 2 | 0 |
_92771 _aArquitectura colonial |
| 651 | 1 | 0 |
_92774 _aCajamarca (Perú : Departamento) |
| 910 |
_ahfp _bhfp _chfp |
||
| 942 |
_2ddc _cLIB |
||
| 999 |
_c5038 _d5038 |
||